That Book's Just a Name Quiz Stats

 Plays Quiz Updated Feb 15, 2018

Score 0/24 Timer 06:00
2 Plays Today
% Correct
Oliver Twist
92.9%
David Copperfield
92%
Julius Caesar
89.4%
Anna Karenina
86.3%
Nicholas Nickleby
84.1%
Jane Eyre
83.7%
Robinson Crusoe
79.5%
Peter Pan
78.1%
Stuart Little
68%
Martin Chuzzlewit
64.7%
Pippi Longstocking
62.5%
Mary Poppins
57.4%
% Correct
Barnaby Rudge
57.4%
Artemis Fowl
51%
Eugene Onegin
48.6%
Agnes Grey
46.3%
Silas Marner
44.7%
Moll Flanders
41.5%
Ethan Frome
41.5%
Daisy Miller
38.5%
Cyrano de Bergerac
36.1%
Olive Kitteridge
26.5%
Mildred Pierce
21.5%
Johnny Tremain
20.4%

You're not logged in!

Compare scores with friends on all Sporcle quizzes.
OR
Log In

Sporcle TV

Today on Sporcle TV


Watch our educational content, quiz creation guides, and fun videos on Sporcle TV.

Show Comments

Extras

Top Quizzes Today


Score Distribution

Your Account Isn't Verified!

In order to create a playlist on Sporcle, you need to verify the email address you used during registration. Go to your Sporcle Settings to finish the process.

Report this User

Report this user for behavior that violates our Community Guidelines.

Details: